Best Rock Band A-Z - Statistics

General Stats
  • This quiz has been taken 53 times
  • The average score is 9 of 20
Answer Stats
Letter Place Answer % Correct
B #1 The Beatles
98%
R #2 The Rolling Stones
74%
A #13 AC/DC
72%
Q #5 Queen
72%
L #3 Led Zeppelin
63%
N #10 Nirvana
63%
P #4 Pink Floyd
58%
E #35 Eagles
49%
W #11 The Who
47%
M #12 Metallica
44%
U #7 U2
42%
O #46 Oasis
40%
V #21 Van Halen
40%
C #14 Creedence Clearwater Revival
37%
F #6 Fleetwood Mac
30%
D #47 Def Leppard
28%
G #16 The Grateful Dead
21%
H #17 Heart
12%
T #15 Talking Heads
7%
S #8 Sly & The Family Stone
2%
No matching quizzes found
Score Distribution
Percent of People with Each Score
Percentile by Number Answered
Your Score History
You have not taken this quiz